000 00501nam a22001577a 4500
003 OSt
005 20150912102951.0
008 150912b xxu||||| |||| 00| 0 eng d
040 _cRUA
082 _aAGR តាន់ 1995 B016 Or.1
100 _9295
_aតាន់ នរវិន្ទ
245 _aការសិក្សាលើមូលពូជ ៣ នៅចំការកៅស៊ូកប្ពុជា
260 _aPhnom Penh
_bRUA
_c1995
300 _a111p.
_bill.
_c29cm.
942 _2ddc
_cAGR
999 _c273
_d273